000 01060cad a22002655a 4500
001 L159458
008 130516s2016 xxk f 000 0 eng d
020 _a9781783211708
035 _a(Sirsi) u159458
041 0 _aeng
050 0 4 _a692.5
110 2 _aRoyal Institution of Chartered Surveyors
_94900
245 0 0 _aFluctuations
_h[electronic resource]
250 _a1st
260 _aLondon
_cRICS
_b2016
300 _aeBook
490 0 _aRICS Guidance Note
490 0 _aRICS Black Book
520 _aOutlines the different types of fluctuating price mechanisms available for use within contracts, selection of the most appropriate mechanism for particular situations, and techniques for calculating adjustments. Effective from 23rd November 2016.
590 _aKA
651 4 _aUnited Kingdom
690 _aQuantity surveying
_96263
856 4 0 _uhttps://www.rics.org/profession-standards/rics-standards-and-guidance/sector-standards/construction-standards/black-book/fluctuations-1st-edition
_zAvailable free on RICS.org
942 _n0
_2ddc
999 _c115918
_d115918